000 01508nam0a2200337 4500
001 RU\NLR\BIBL_A\011948507
005 20241016162532.0
010 _a978-5-00054-197-5
021 _aRU
_bКН-П-19-003328
_9КН-П-19-0239
035 _a(NLR Aleph) 011948507
035 _a(RuMoRGB)009871783
090 _a11133862
_c11133862
100 _a20190228d2019 c y0rusy50 ca
101 0 _arus
102 _aRU
105 _ay|||z|||000ay
200 1 _aРассказы о животных
_e[для младшего школьного возраста]
_fБ. Житков
_gхудожник: И. Цыганков
210 _aМосква
_cЛибри пэр бамбини
_cИскатель
_d2019
215 _a61, [3] с.
_d22
225 1 _aБиблиотечка школьника
327 1 _aСодерж.: Галка; Охотник и собаки; Как слон спас хозяина от тигра; Про обезьянку; Про волка; Беспризорная кошка; Про слона; Мангуста; Кенгура; Мышкин
333 _a6+
686 0 _aШ9(2)60=Р7-4
700 1 _aЖитков
_bБ. С.
_f1882-1938
_gБорис Степанович
_3RU\NLR\AUTH\772100
702 1 _aЦыганков
_bИ. А.
_cхудожник
_gИван Антонович
_3RU\NLR\AUTH\7754036
_4440
942 _cBOOK
980 _aNBR
980 _aNB